Wszyscy Polacy, którzy zagrali w TOP5 lig europejskich od 2010 roku - Statystyki

Ogólne statystyki
  • Ten quiz został rozwiązany 300 razy
    186 od ostatniego zresetowania
  • Średni wynik to 61 z 115
Statystyki odpowiedzi
Liga Kluby Piłkarz Mecze Bramki % Poprawnych
La Liga Barcelona Robert Lewandowski 69 42
98%
Bundesliga Borussia Dortmund, Bayern Robert Lewandowski 383 312
98%
Premier League Arsenal Wojciech Szczęsny 132 0
96%
Serie A Roma, Juventus Wojciech Szczęsny 272 0
96%
Serie A Spezia Jakub Kiwior 39 0
95%
Premier League Southampton, Aston Villa Jan Bednarek 154 7
95%
Premier League Arsenal, Swansea City, West Ham Łukasz Fabiański 351 0
94%
Serie A Fiorentina Jakub Błaszczykowski 15 2
91%
Bundesliga Borussia Dortmund, Wolfsburg Jakub Błaszczykowski 168 23
91%
Premier League Aston Villa Matty Cash 121 6
91%
Serie A Napoli, Juventus Arkadiusz Milik 152 49
90%
Bundesliga Bayer Leverkusen, Augsburg Arkadiusz Milik 24 2
90%
Ligue 1 Marsylia Arkadiusz Milik 38 16
90%
Premier League Brighton Jakub Moder 57 0
90%
Premier League Hull City, Westbromich Albion Kamil Grosicki 18 0
90%
Ligue 1 Stade Rennes Kamil Grosicki 81 13
90%
Serie A Udinese, Empoli, Napoli Piotr Zieliński 363 42
90%
Premier League Westbromich Albion Grzegorz Krychowiak 27 0
89%
La Liga Sevilla Grzegorz Krychowiak 58 2
89%
Ligue 1 Bordeaux, Stade de Reims, PSG Grzegorz Krychowiak 83 8
89%
Bundesliga Hertha, Borussia Dortmund Łukasz Piszczek 281 17
89%
Serie A Bari, Torino, Benevento Kamil Glik 183 12
88%
Ligue 1 Monaco Kamil Glik 128 11
88%
Serie A Genoa, Milan, Fiorentina, Salernitana Krzysztof Piątek 102 33
86%
Bundesliga Hertha Krzysztof Piątek 55 12
86%
Premier League Leeds United Mateusz Klich 82 5
85%
Premier League Leicester City Marcin Wasilewski 30 1
82%
Serie A Roma, Empoli, Bologna Łukasz Skorupski 280 0
81%
Ligue 1 PSG, Nicea Marcin Bułka 39 0
81%
Premier League Southampton, Bournemouth Artur Boruc 128 0
79%
Serie A Fiorentina Artur Boruc 62 0
79%
Serie A Sampdoria, Napoli, Empoli Bartosz Bereszyński 207 1
79%
Serie A Roma Nicola Zalewski 72 2
79%
La Liga Real Madryt Jerzy Dudek 1 0
78%
Ligue 1 Lens Przemysław Frankowski 104 14
78%
Premier League Manchester United Tomasz Kuszczak 6 0
78%
Bundesliga Wolfsburg Jakub Kamiński 48 4
74%
Bundesliga Stuttgart, Fortuna Dusseldorf, Schalke Marcin Kamiński 63 2
74%
Ligue 1 Lens Adam Buksa 8 0
70%
Serie A Genoa Aleksander Buksa 4 0
70%
Serie A Sampdoria, Torino Karol Linetty 227 13
69%
Premier League Norwich Przemysław Płacheta 12 0
67%
Serie A Fiorentina, Spezia Bartłomiej Drągowski 129 0
66%
Serie A Sampdoria Dawid Kownacki 35 6
65%
Bundesliga Fortuna Dusseldorf, Werder Brema Dawid Kownacki 52 4
65%
Serie A Hellas Paweł Dawidowicz 113 2
64%
Bundesliga Union Berlin, Augsburg Rafał Gikiewicz 126 0
64%
La Liga Granada Kamil Jóźwiak 11 0
63%
Serie A Bologna Kacper Urbański 24 0
60%
Ligue 1 Monaco Radosław Majecki 13 0
60%
Serie A Atalanta, SPAL, Crotone, Spezia Arkadiusz Reca 113 3
57%
Serie A Cagliari, Empoli Sebastian Walukiewicz 78 0
55%
Serie A Fiorentina, Empoli, Spezia Szymon Żurkowski 62 10
55%
La Liga Granada Kamil Piątkowski 9 0
54%
Bundesliga Werder Brema Ludovic Obraniak 12 1
54%
Ligue 1 Lille, Bordeaux Ludovic Obraniak 122 22
54%
Serie A Palermo, SPAL Thiago Cionek 108 1
54%
Bundesliga Freiburg Bartosz Kapustka 7 1
53%
Serie A Chievo, Hellas Mariusz Stępiński 78 14
53%
Ligue 1 Nantes Mariusz Stępiński 22 4
53%
Ligue 1 Auxerre, Lille Ireneusz Jeleń 52 16
52%
Bundesliga Augsburg Robert Gumny 94 2
52%
Bundesliga Mainz, Hoffenheim Eugen Polanski 204 13
51%
Serie A Hellas Karol Świderski 15 2
51%
Ligue 1 Olympique Lyon Maciej Rybus 19 0
51%
Bundesliga Koln Sławomir Peszko 61 2
50%
La Liga Real Betis Damien Perquis 22 0
47%
Ligue 1 Sochaux Damien Perquis 70 7
47%
Serie A Cagliari Mateusz Wieteska 19 0
47%
Ligue 1 Clermont Mateusz Wieteska 35 0
47%
Bundesliga Werder Brema, Bayer Leverkusen Sebastian Boenisch 68 3
46%
Serie A Sampdoria, Cagliari, SPAL, Frosinone Bartosz Salamon 66 0
43%
La Liga Malaga Bartłomiej Pawłowski 8 1
40%
Serie A Udinese Łukasz Teodorczyk 30 1
40%
La Liga Eibar Damian Kądzior 6 0
36%
Serie A Sampdoria, Hellas Paweł Wszołek 53 1
36%
La Liga Elche, Deportivo Przemysław Tytoń 47 0
36%
Bundesliga Stuttgart Przemysław Tytoń 30 0
36%
La Liga Levante Dariusz Dudka 2 0
33%
Ligue 1 Auxerre Dariusz Dudka 75 5
33%
Bundesliga Hannover Artur Sobiech 98 18
31%
Bundesliga Koln Adam Matuszczyk 52 4
28%
Bundesliga Bochum Jacek Góralski 4 0
28%
Ligue 1 Bordeaux Igor Lewczuk 38 1
27%
Serie A Fiorentina Rafał Wolski 15 1
26%
Ligue 1 Strasbourg Karol Fila 18 0
25%
La Liga Deportivo Cezary Wilk 11 0
24%
Serie A Hellas Dominik Furman 1 0
24%
Ligue 1 Toulouse Dominik Furman 5 0
24%
Bundesliga Wolfsburg Bartosz Białek 31 2
23%
Serie A Genoa Filip Jagiełlo 11 0
23%
Bundesliga Koln Paweł Olkowski 65 2
23%
Ligue 1 Amiens Rafał Kurzawa 11 1
22%
Bundesliga Hertha Artur Wichniarek 9 0
20%
Serie A Carpi Kamil Wilczek 3 0
19%
Ligue 1 Lens Łukasz Poręba 10 0
19%
Serie A Salernitana Mateusz Łęgowski 29 0
19%
Serie A Chievo Tomasz Kupisz 1 0
19%
Serie A Spezia Przemysław Wiśniewski 14 1
18%
Serie A Napoli Igor Łasicki 1 0
16%
Serie A Chievo, Salernitana Paweł Jaroszyński 43 0
16%
Premier League Arsenal Jakub Kiwior 27 2
14%
Serie A Catania Błażej Augustyn 13 0
13%
Ligue 1 Troyes Mateusz Lis 9 0
12%
Bundesliga Kaiserslautern Ariel Borysiuk 12 0
9%
Bundesliga Kaiserslautern Jakub Świerczok 6 0
8%
Serie A Lecce Marcin Listkowski 5 0
5%
Bundesliga Werder Brema Martin Kobylański 8 0
5%
Serie A Hellas Mateusz Praszelik 2 0
5%
Bundesliga Greuther Furth Sebastian Tyrała 1 0
5%
Bundesliga Hertha Dennis Jastrzembski 19 0
4%
Bundesliga Darmstadt Łukasz Załuska 1 0
4%
Serie A SPAL Jakub Iskra 2 0
3%
Bundesliga Hertha Marcelo Lotka 10 0
2%
Bundesliga Bayer Leverkusen Tomasz Zdebel 1 0
2%
Nie znaleziono quizów pasujących do podanych kryteriów
Rozkład punktacji
Procent ludzi z każdym wynikiem
Percentyl według liczby udzielonych odpowiedzi
Twoja historia wyników
Nie rozwiązałeś tego quizu od ostatniego zresetowania